Delay analysis in construction contracts (Record no. 106150)
[ view plain ]
| 000 -LEADER | |
|---|---|
| fixed length control field | 01864cam a2200217 4500 |
| 001 - CONTROL NUMBER | |
| control field | L135683 |
| 008 - FIXED-LENGTH DATA ELEMENTS--GENERAL INFORMATION | |
| fixed length control field | 091019s2009 000 0 eng u |
| 020 ## - INTERNATIONAL STANDARD BOOK NUMBER | |
| International Standard Book Number | 9781444301151 |
| 035 ## - SYSTEM CONTROL NUMBER | |
| System control number | (Sirsi) u135683 |
| 100 1# - MAIN ENTRY--PERSONAL NAME | |
| Personal name | Keane, John P |
| 245 ## - TITLE STATEMENT | |
| Title | Delay analysis in construction contracts |
| Medium | [electronic resource] |
| 260 ## - PUBLICATION, DISTRIBUTION, ETC. | |
| Name of publisher, distributor, etc. | John Wiley |
| Date of publication, distribution, etc. | 2009 |
| 300 ## - PHYSICAL DESCRIPTION | |
| Extent | eBook |
| 520 ## - SUMMARY, ETC. | |
| Summary, etc. | This eBbook is a practical guide to the process of delay analysis and includes an in-depth review of the primary methods of delay analysis, together with the assumptions that underlie the precise calculations required in any quantitative delay analysis. The most significant unanticipated costs on many construction projects: the financial impacts associated with delay and disruption to the works. Assessing these, and establishing a causal link from each delay event to its effect, contractual liability and the damages experienced as a direct result of each event, can be difficult and complex. The techniques discussed can be used on projects of any size, under all forms of construction contract, both domestic and international. The authors discuss not only delay analysis techniques, but also their appropriateness under given circumstances, demonstrating how combined approaches may be applied where necessary. They also consider problematic issues including 'who owns the float', concurrent delay, early completion programmes, and disruption. The book features practical worked examples and case studies demonstrating the techniques commonly used by experienced practitioners. |
| 590 ## - LOCAL NOTE (RLIN) | |
| Local note | KA |
| 650 24 - SUBJECT ADDED ENTRY--TOPICAL TERM | |
| Topical term or geographic name entry element | EBOOK |
| 690 ## - LOCAL SUBJECT ADDED ENTRY--TOPICAL TERM (OCLC, RLIN) | |
| Topical term or geographic name as entry element | MANAGEMENT-DISPUTE AVOIDANCE, MANAGEMENT AND RESOLUTION-DISPUTE MANAGEMENT AND RESOLUTION |
| 700 1# - ADDED ENTRY--PERSONAL NAME | |
| Personal name | Caletka, Tony |
| 856 40 - ELECTRONIC LOCATION AND ACCESS | |
| Uniform Resource Identifier | <a href="https://www.vlebooks.com/">https://www.vlebooks.com/</a> |
| Public note | View on VLEbooks. Logins for members only from [email protected] |
| 942 ## - ADDED ENTRY ELEMENTS (KOHA) | |
| Suppress in OPAC | 0 |
| Withdrawn status | Lost status | Source of classification or shelving scheme | Damaged status | Not for loan | Home library | Current library | Shelving location | Date acquired | Total Checkouts | Full call number | Barcode | Date last seen | Copy number | Price effective from | Koha item type |
|---|---|---|---|---|---|---|---|---|---|---|---|---|---|---|---|
| Dewey Decimal Classification | Virtual | Virtual | Online | 19/10/2009 | EBOOK | 135683-3001 | 06/08/2019 | 1 | 06/08/2019 | Book |